000 00522cam a2200181 a 4500
001 1182883
005 20241113212309.0
008 971028r19981996nyu 000 1 eng
020 _a0805053719 (alk. paper)
050 0 0 _aPR6063.C363
_bG48 1998
082 0 0 _a823/.914
_221
100 1 _aMcCormack, Mike,
_d1965-
245 1 0 _aGetting it in the head :
_bstories /
_cMike McCormack.
250 _a1st American ed.
260 _aNew York :
_bH. Holt and Co.,
_c1998.
300 _aviii, 243 p. ;
_c22 cm.
942 _2lcc
_cBK
_n0
999 _c1156
_d1156